| 000 | 00798cam a2200253 i 4500 | ||
|---|---|---|---|
| 001 | 801046 | ||
| 003 | OSt | ||
| 005 | 20141017123959.0 | ||
| 008 | 760312s1976 mdu b 001 0 eng | ||
| 010 | _a 75036935 | ||
| 020 | _a0801818257 | ||
| 040 |
_aDLC _cDLC _dDLC |
||
| 050 | 0 | 0 |
_aPN81 _b.K714 |
| 082 | 0 | 0 | _a801/.95 |
| 100 | 1 |
_aKrieger, Murray, _d1923- _932619 |
|
| 245 | 1 | 0 |
_aTheory of criticism : _ba tradition and its system / _cMurray Krieger. |
| 260 |
_aBaltimore : _bJohns Hopkins University Press, _cc1976. |
||
| 300 |
_axiv, 250 p. ; _c24 cm. |
||
| 504 | _aIncludes bibliographical references and index. | ||
| 650 | 0 |
_aLiterature _xHistory and criticism _xTheory, etc. _932620 |
|
| 650 | 0 |
_aCriticism. _932621 |
|
| 906 |
_a7 _bcbc _corignew _d1 _eocip _f19 _gy-gencatlg |
||
| 942 |
_2lcc _cBK |
||
| 999 |
_c60544 _d60518 |
||